Name That Famous Landmark - North America - Statistics

General Stats
  • This quiz has been taken 91 times
  • The average score is 9 of 16
Answer Stats
Picture Answer % Correct
Statue Of Liberty
99%
Golden Gate Bridge
95%
White House
95%
Grand Canyon
92%
Mount Rushmore
92%
Empire State Building
91%
Niagara Falls
89%
CN Tower
69%
Chichén Itzá
49%
Yellowstone National Park
47%
Banff National Park
25%
Great Blue Hole
20%
Parliament Hill
5%
Arch Of Cabo San Lucas
3%
Malecón of Havana
1%
Piramides of Teotihuacán
0%
No matching quizzes found
Score Distribution
Percent of People with Each Score
Percentile by Number Answered
Your Score History
You have not taken this quiz